Don't be left in the dark (Record no. 84265)

MARC details
000 -LEADER
fixed length control field 00616cab a22002055a 4500
001 - CONTROL NUMBER
control field L157129
008 - FIXED-LENGTH DATA ELEMENTS--GENERAL INFORMATION
fixed length control field 120906e20120901xxk 000 0 eng d
035 ## - SYSTEM CONTROL NUMBER
System control number (Sirsi) u157129
041 0# - LANGUAGE CODE
Language code of text/sound track or separate title eng
100 1# - MAIN ENTRY--PERSONAL NAME
Personal name Bickford-Smith, Stephen
245 00 - TITLE STATEMENT
Title Don't be left in the dark
260 ## - PUBLICATION, DISTRIBUTION, ETC.
Date of publication, distribution, etc. 2012
490 ## - SERIES STATEMENT
Series statement Estates Gazette
Volume/sequential designation (1235) 1 September 2012, 64-66(3)
520 ## - SUMMARY, ETC.
Summary, etc. Is the current law on rights of light fair following Regan v Paul Properties and HXRUK II v Heaney?
590 ## - LOCAL NOTE (RLIN)
Local note KA
651 #4 - SUBJECT ADDED ENTRY--GEOGRAPHIC NAME
Geographic name England and Wales
Chronological subdivision 1543-
690 ## - LOCAL SUBJECT ADDED ENTRY--TOPICAL TERM (OCLC, RLIN)
Topical term or geographic name as entry element Rights of light
9 (RLIN) 6267
700 1# - ADDED ENTRY--PERSONAL NAME
Personal name Taggart, Nicholas
942 ## - ADDED ENTRY ELEMENTS (KOHA)
Suppress in OPAC 0
Holdings
Withdrawn status Lost status Source of classification or shelving scheme Damaged status Not for loan Home library Current library Shelving location Date acquired Total Checkouts Full call number Barcode Date last seen Copy number Price effective from Koha item type
    Dewey Decimal Classification     London London Journal article 06/09/2012   L157129 157129-1001 06/08/2019 1 06/08/2019 Journal article